[Event "LLO18/19"]
[Site "Mecklenburg-Vorpommern"]
[Date "2018.11.11"]
[Round "2.3"]
[White "Krasov, Oleksi"]
[Black "Floegel, Thomas"]
[Result "1/2-1/2"]
[WhiteElo "1900"]
[BlackElo "1695"]
[PlyCount "86"]
[EventDate "2018.??.??"]
[EventType "team-tourn"]
[EventRounds "9"]
[EventCountry "GER"]
[WhiteTeam "Motor Wolgast"]
[BlackTeam "Ribnitz-Damgarten"]
[WhiteTeamCountry "GER"]
[BlackTeamCountry "GER"]

1. e4 e6 2. Nc3 d5 3. Nf3 d4 4. Ne2 c5 5. Ng3 Nc6 6. a4 Nge7 7. Bc4 Ng6 8. d3
Be7 9. O-O O-O 10. Bd2 Bd7 11. Qe2 Nh4 12. Nxh4 Bxh4 13. f4 Kh8 14. Qh5 f5 15.
Ne2 Be8 16. Qf3 Qc8 17. Rac1 e5 18. Qh3 Be7 19. Bb3 fxe4 20. Be6 Qd8 21. dxe4
Bf7 22. fxe5 Nxe5 23. Nf4 Bxe6 24. Nxe6 Rxf1+ 25. Rxf1 Qb6 26. Qf5 Bf6 27. Bg5
Nd7 28. Bxf6 (28. e5 $1 {gewinnt}) 28... gxf6 29. Nf4 Qd6 30. Nd5 Rf8 31. Rf3
Rf7 32. Rb3 b6 33. a5 c4 34. Rb4 d3 35. Rxc4 d2 36. Qg4 Ne5 37. Rc8+ Rf8 38.
Rxf8+ Qxf8 39. Qd1 Nc4 40. b3 Qc5+ 41. Kf1 Ne3+ 42. Nxe3 Qxe3 43. axb6 axb6
1/2-1/2

[Event "LLO18/19"]
[Site "Mecklenburg-Vorpommern"]
[Date "2018.11.11"]
[Round "2.4"]
[White "Dittschlag, Lothar"]
[Black "Haenjes, Frank"]
[Result "1/2-1/2"]
[WhiteElo "1630"]
[BlackElo "1899"]
[PlyCount "41"]
[EventDate "2018.??.??"]
[EventType "team-tourn"]
[EventRounds "9"]
[EventCountry "GER"]
[WhiteTeam "Ribnitz-Damgarten"]
[BlackTeam "Motor Wolgast"]
[WhiteTeamCountry "GER"]
[BlackTeamCountry "GER"]

1. e4 e6 2. d4 c5 3. Nf3 cxd4 4. Nxd4 d6 5. Bb5+ Bd7 6. Bxd7+ Qxd7 7. O-O Nf6
8. Re1 a6 9. Bg5 Be7 10. c3 Qc7 11. Nd2 Nbd7 12. Qe2 O-O 13. Kh1 Rfe8 14. f4 h6
15. Bh4 Bf8 16. e5 Nd5 17. Bg3 b5 18. N2f3 dxe5 19. fxe5 N7b6 20. Rac1 Rec8 21.
Nd2 1/2-1/2

[Event "LLO18/19"]
[Site "Mecklenburg-Vorpommern"]
[Date "2018.11.11"]
[Round "2.6"]
[White "Wehrmann, Horst"]
[Black "Rosin, Ralf"]
[Result "1/2-1/2"]
[WhiteElo "1620"]
[BlackElo "1757"]
[PlyCount "53"]
[EventDate "2018.??.??"]
[EventType "team-tourn"]
[EventRounds "9"]
[EventCountry "GER"]
[WhiteTeam "Ribnitz-Damgarten"]
[BlackTeam "Motor Wolgast"]
[WhiteTeamCountry "GER"]
[BlackTeamCountry "GER"]

1. d4 e6 2. e4 d5 3. exd5 exd5 4. Nc3 c6 5. Nf3 Nf6 6. Bd3 Bd6 7. O-O O-O 8.
Bg5 Bg4 9. h3 Bh5 10. g4 Bg6 11. Ne5 Qc7 12. Bxf6 gxf6 13. Nf3 Nd7 14. Ne2 Rfe8
15. Nh4 Nf8 16. Nf5 Bxf5 17. Bxf5 Ng6 18. Qd3 Kg7 19. Rfe1 Re7 20. Ng3 Bxg3 21.
fxg3 Rae8 22. Rxe7 Qxe7 23. Kf2 c5 24. c3 cxd4 25. cxd4 Qc7 26. Qc3 Qe7 27. Re1
1/2-1/2

[Event "LLO18/19"]
[Site "Mecklenburg-Vorpommern"]
[Date "2018.11.11"]
[Round "2.7"]
[White "Klotzsche, Stefan"]
[Black "Zierke, Udo"]
[Result "1-0"]
[WhiteElo "1720"]
[BlackElo "1624"]
[PlyCount "89"]
[EventDate "2018.??.??"]
[EventType "team-tourn"]
[EventRounds "9"]
[EventCountry "GER"]
[WhiteTeam "Motor Wolgast"]
[BlackTeam "Ribnitz-Damgarten"]
[WhiteTeamCountry "GER"]
[BlackTeamCountry "GER"]

1. Nf3 Nf6 2. d4 d5 3. g3 e6 4. Bg2 c5 5. e3 Nc6 6. O-O Be7 7. b3 O-O 8. Bb2 b6
9. Nbd2 Ba6 10. Re1 Rc8 11. Rc1 Bd6 12. c4 Ne7 13. Ne5 dxc4 14. bxc4 Rc7 15. f4
Bb7 16. Bxb7 Rxb7 17. Qf3 Qc7 18. Re2 Rfb8 19. g4 Nd7 20. g5 Bxe5 21. dxe5 Qc6
22. e4 g6 23. Nf1 b5 24. cxb5 Rxb5 25. Rcc2 Nf5 26. Qh3 Ng7 27. Ba3 a6 28. Nd2
a5 29. Rc3 Qb6 30. Nc4 Qa6 31. Rd2 Qc6 32. Qd3 Nf8 33. Nd6 Rd8 34. Qxb5 Qxb5
35. Nxb5 Rxd2 36. Rxc5 Rd8 37. Nd6 Ra8 38. Rc7 Ne8 39. Nxe8 Rxe8 40. Ra7 Rd8
41. Rxa5 Rd1+ 42. Kf2 Nd7 43. Be7 Kg7 44. Bf6+ Kg8 45. Ra8+ 1-0

[Event "LLO18/19"]
[Site "Mecklenburg-Vorpommern"]
[Date "2018.11.11"]
[Round "2.8"]
[White "Claus, Jens"]
[Black "Schellner, Ulf"]
[Result "1/2-1/2"]
[WhiteElo "1566"]
[BlackElo "1647"]
[PlyCount "55"]
[EventDate "2018.??.??"]
[EventType "team-tourn"]
[EventRounds "9"]
[EventCountry "GER"]
[WhiteTeam "Ribnitz-Damgarten"]
[BlackTeam "Motor Wolgast"]
[WhiteTeamCountry "GER"]
[BlackTeamCountry "GER"]

1. d4 d5 2. c4 dxc4 3. e4 e5 4. Nf3 Bg4 5. dxe5 Qxd1+ 6. Kxd1 Nc6 7. Be2 Bc5 8.
Ke1 Nge7 9. Nc3 Bxf3 10. gxf3 Nxe5 11. Be3 Bxe3 12. fxe3 c6 13. f4 Nd3+ 14.
Bxd3 cxd3 15. Kd2 Rd8 16. Rhg1 O-O 17. b4 Nc8 18. Nd1 Rd7 19. Nf2 Nb6 20. Rac1
Na4 21. Rg5 Nb6 22. Rc3 Rfd8 23. Rg1 Rd6 24. Rxd3 Rxd3+ 25. Nxd3 Nc4+ 26. Ke2
Rd6 27. h3 f6 28. Rd1 1/2-1/2

[Event "LLO18/19"]
[Site "Mecklenburg-Vorpommern"]
[Date "2018.11.11"]
[Round "2.1"]
[White "Hoerhold, Martin"]
[Black "Burwitz, Joerg"]
[Result "1-0"]
[WhiteElo "1798"]
[BlackElo "1727"]
[PlyCount "115"]
[EventDate "2018.??.??"]
[EventType "team-tourn"]
[EventRounds "9"]
[EventCountry "GER"]
[WhiteTeam "SG Neubrandenburg II"]
[BlackTeam "RUGIA Bergen"]
[WhiteTeamCountry "GER"]
[BlackTeamCountry "GER"]

1. e4 c6 2. d4 d5 3. e5 Bf5 4. Nf3 e6 5. Bd3 Bxd3 6. Qxd3 c5 7. dxc5 Bxc5 8.
Qb5+ Nd7 9. Qxb7 Rb8 10. Qa6 Ne7 11. O-O O-O 12. Nbd2 Ng6 13. Nb3 Bb6 14. Re1
Qc7 15. Qe2 Rbc8 16. c3 a5 17. Nbd4 Bxd4 18. cxd4 a4 19. Bd2 Qb7 20. Bc3 a3 21.
Rec1 Rc6 22. bxa3 Rfc8 23. Qd2 Nb6 24. Qb2 Qa6 25. Bb4 Nc4 26. Qe2 Nf4 27. Qf1
g6 28. g3 Nh5 29. Bc5 Ng7 30. g4 h5 31. h3 Qa4 32. Qd1 Qa6 33. Qd3 hxg4 34.
hxg4 Qa5 35. Ng5 Nxe5 36. Qh3 Rxc5 37. dxc5 Ne8 38. Qh7+ Kf8 39. Qh8+ Ke7 40.
Qxe5 Rc6 41. Qc3 Qc7 42. Nf3 Nf6 43. Ne5 Ra6 44. f3 Ra4 45. Kg2 d4 46. Qe1 Rxa3
47. Nc4 Rxf3 48. Kxf3 Qc6+ 49. Kg3 Ne4+ 50. Kh2 Ng5 51. Qh1 Ne4 52. Nd6 f5 53.
Nxe4 fxe4 54. Re1 Qc7+ 55. Kg2 Qf4 56. Qh4+ Kd7 57. Qg3 Qd2+ 58. Qf2 1-0

[Event "LLO18/19"]
[Site "Mecklenburg-Vorpommern"]
[Date "2018.11.11"]
[Round "2.2"]
[White "Pawlick, Helmut"]
[Black "Dupke, Andreas"]
[Result "1-0"]
[WhiteElo "1834"]
[BlackElo "1748"]
[PlyCount "117"]
[EventDate "2018.??.??"]
[EventType "team-tourn"]
[EventRounds "9"]
[EventCountry "GER"]
[WhiteTeam "RUGIA Bergen"]
[BlackTeam "SG Neubrandenburg II"]
[WhiteTeamCountry "GER"]
[BlackTeamCountry "GER"]

1. e4 c5 2. Nf3 Nc6 3. d4 cxd4 4. Nxd4 Nf6 5. Nc3 d6 6. Bg5 g6 7. Bc4 Bg7 8.
Nxc6 bxc6 9. e5 dxe5 10. Qxd8+ Kxd8 11. O-O-O+ Ke8 12. f3 Nd7 13. Rhe1 Nc5 14.
Be3 Be6 15. Bf1 Nd7 16. a3 Nb6 17. Ba6 Bc8 18. Bf1 Bb7 19. Ne4 Nd5 20. Bd2 f6
21. f4 Bc8 22. fxe5 fxe5 23. c4 Nb6 24. h3 Bf5 25. g4 Bxe4 26. Rxe4 Rd8 27. Bc3
Rxd1+ 28. Kxd1 Rf8 29. Be2 Nd7 30. b4 Rf2 31. h4 Rh2 32. g5 Rh3 33. Kc2 Rg3 34.
a4 Kd8 35. a5 Kc7 36. Be1 Rg2 37. Kd3 Rh2 38. Bg4 a6 39. Be6 Rh1 40. Bg4 Rf1
41. Bd2 Kd6 42. Be2 Rh1 43. Ke3 Kc7 44. Bf3 Rb1 45. Be2 h6 46. Kd3 Rg1 47. gxh6
Bh8 48. Bg5 Rg3+ 49. Re3 Rxe3+ 50. Kxe3 Bf6 51. h7 Bg7 52. Bxe7 Nf6 53. Bxf6
Bxf6 54. c5 g5 55. hxg5 Bxg5+ 56. Ke4 Bf6 57. Kf5 Bh8 58. Bxa6 Kd7 59. Bc4 1-0

[Event "LLO18/19"]
[Site "Mecklenburg-Vorpommern"]
[Date "2018.11.11"]
[Round "2.4"]
[White "Pawlowicz, Karsten"]
[Black "Rehbein, Hans Juergen"]
[Result "1/2-1/2"]
[WhiteElo "1635"]
[BlackElo "1713"]
[PlyCount "20"]
[EventDate "2018.??.??"]
[EventType "team-tourn"]
[EventRounds "9"]
[EventCountry "GER"]
[WhiteTeam "RUGIA Bergen"]
[BlackTeam "SG Neubrandenburg II"]
[WhiteTeamCountry "GER"]
[BlackTeamCountry "GER"]

1. e4 e6 2. d4 d5 3. exd5 exd5 4. Nf3 Bd6 5. Nc3 c6 6. Bg5 Nf6 7. Bd3 O-O 8. h3
Re8+ 9. Ne2 Qa5+ 10. Qd2 Qxd2+ 1/2-1/2

[Event "LLO18/19"]
[Site "Mecklenburg-Vorpommern"]
[Date "2018.11.11"]
[Round "2.5"]
[White "Buenz, Heinrich"]
[Black "Behrens, Christoph"]
[Result "1/2-1/2"]
[WhiteElo "1632"]
[BlackElo "1621"]
[PlyCount "32"]
[EventDate "2018.??.??"]
[EventType "team-tourn"]
[EventRounds "9"]
[EventCountry "GER"]
[WhiteTeam "SG Neubrandenburg II"]
[BlackTeam "RUGIA Bergen"]
[WhiteTeamCountry "GER"]
[BlackTeamCountry "GER"]

1. Nf3 Nc6 2. g3 Nf6 3. Bg2 e6 4. O-O d5 5. d4 h6 6. Nbd2 Be7 7. Re1 O-O 8. a3
b6 9. b4 a5 10. b5 Na7 11. a4 c6 12. bxc6 Nxc6 13. c3 Qc7 14. e4 Nh7 15. exd5
exd5 16. Qb3 Be6 1/2-1/2

[Event "LLO18/19"]
[Site "Mecklenburg-Vorpommern"]
[Date "2018.11.11"]
[Round "2.6"]
[White "Scheel, Manfred"]
[Black "Mietz, Wolfgang"]
[Result "1-0"]
[WhiteElo "1611"]
[BlackElo "1714"]
[PlyCount "120"]
[EventDate "2018.??.??"]
[EventType "team-tourn"]
[EventRounds "9"]
[EventCountry "GER"]
[WhiteTeam "RUGIA Bergen"]
[BlackTeam "SG Neubrandenburg II"]
[WhiteTeamCountry "GER"]
[BlackTeamCountry "GER"]

1. e4 e5 2. Nf3 Nc6 3. d4 exd4 4. Nxd4 Nf6 5. Nxc6 bxc6 6. Bd3 d6 7. h3 Be7 8.
O-O O-O 9. b3 Nd7 10. Bb2 Bf6 11. c3 Ne5 12. Bc2 Ba6 13. Re1 Re8 14. f4 Ng6 15.
Qg4 Bc8 16. Qf3 Bb7 17. Nd2 c5 18. Nc4 Rb8 19. Rad1 Qc8 20. Qf1 Ba6 21. Bd3 Bh4
22. Re3 Bb7 23. e5 d5 24. Nd2 Qd8 25. Nf3 Bg3 26. Bxg6 hxg6 27. Ng5 Bh4 28. Ba3
Bxg5 29. fxg5 Qxg5 30. Rde1 Qe7 31. Qb5 a6 32. Qxc5 Qxc5 33. Bxc5 Re6 34. Bd4
Rc8 35. b4 Bc6 36. Ra1 Ba4 37. a3 Kf8 38. Rc1 Bb3 39. Rf1 c6 40. Ref3 Rc7 41.
Rf4 Kg8 42. Kf2 Bc4 43. Rh1 Rce7 44. Kg3 f6 45. exf6 gxf6 46. Rxf6 Rxf6 47.
Bxf6 Re2 48. a4 Kf7 49. Bd4 Bb3 50. Rf1+ Kg8 51. Rf6 Bxa4 52. Rxg6+ Kh7 53.
Rg7+ Kh6 54. Kf3 Bb5 55. g4 Bd3 56. Rc7 Bb5 57. Rxc6+ Bxc6 58. Kxe2 Kg5 59. Kf3
Ba4 60. Kg3 Bc2 1-0

[Event "LLO18/19"]
[Site "Mecklenburg-Vorpommern"]
[Date "2018.11.11"]
[Round "2.7"]
[White "Peters, Hans Joachim"]
[Black "Jepp, Wolfgang"]
[Result "1-0"]
[WhiteElo "1592"]
[BlackElo "1574"]
[PlyCount "120"]
[EventDate "2018.??.??"]
[EventType "team-tourn"]
[EventRounds "9"]
[EventCountry "GER"]
[WhiteTeam "SG Neubrandenburg II"]
[BlackTeam "RUGIA Bergen"]
[WhiteTeamCountry "GER"]
[BlackTeamCountry "GER"]

1. e4 e5 2. Nf3 Nc6 3. Bb5 a6 4. Ba4 Nf6 5. O-O b5 6. Bb3 Be7 7. Re1 O-O 8. c3
d6 9. h3 Bb7 10. d3 Na5 11. Bc2 c5 12. Nbd2 Rc8 13. Nf1 Re8 14. Ng3 g6 15. Bh6
Bf8 16. Qd2 Bg7 17. Nh2 Rc7 18. Bxg7 Kxg7 19. Qg5 Bc8 20. Rf1 Ng8 21. Qe3 Nf6
22. f4 d5 23. fxe5 Rxe5 24. Nf3 Re8 25. Qf4 Rce7 26. e5 Ng8 27. d4 c4 28. Rf2
f6 29. exf6+ Nxf6 30. Ne5 Qd6 31. Nxg6 Re1+ 32. Rxe1 Rxe1+ 33. Kh2 Qxf4 34.
Nxf4 Nc6 35. Re2 Rc1 36. Bf5 Bxf5 37. Nxf5+ Kf7 38. a3 Rf1 39. g3 Ne4 40. Kg2
Rxf4 41. gxf4 Kf6 42. Ng3 Nd6 43. Kf3 a5 44. Rg2 b4 45. axb4 axb4 46. Nh5+ Ke6
47. Re2+ Kf7 48. Ng3 bxc3 49. bxc3 Nb5 50. Re3 Na3 51. Ne2 Nc2 52. Re5 Nxe5+
53. fxe5 Ne1+ 54. Kg4 Nd3 55. Nf4 Nf2+ 56. Kf5 Ne4 57. Nxd5 Ng3+ 58. Kf4 Ne2+
59. Ke3 Ng1 60. h4 Nh3 1-0

[Event "LLO18/19"]
[Site "Mecklenburg-Vorpommern"]
[Date "2018.11.11"]
[Round "2.8"]
[White "Feldt, Horst"]
[Black "Sommer, Hans Hermann"]
[Result "0-1"]
[WhiteElo "1561"]
[BlackElo "1708"]
[PlyCount "78"]
[EventDate "2018.??.??"]
[EventType "team-tourn"]
[EventRounds "9"]
[EventCountry "GER"]
[WhiteTeam "RUGIA Bergen"]
[BlackTeam "SG Neubrandenburg II"]
[WhiteTeamCountry "GER"]
[BlackTeamCountry "GER"]

1. d4 Nf6 2. c4 g6 3. Nc3 d5 4. cxd5 Nxd5 5. e4 Nxc3 6. bxc3 Bg7 7. Bc4 O-O 8.
Ne2 c5 9. Be3 Nc6 10. O-O cxd4 11. cxd4 Bg4 12. f3 Na5 13. Qd3 Nxc4 14. Qxc4
Bd7 15. Rad1 b5 16. Qd3 Qa5 17. Rd2 Rac8 18. Rc1 b4 19. Kf2 Bb5 20. Qb1 Bxe2
21. Rxe2 Rxc1 22. Qxc1 Qh5 23. Kg1 Qb5 24. Kf2 a5 25. Rc2 Qa4 26. Qb1 Rd8 27.
Rc4 Qd7 28. Qc2 Rb8 29. g3 a4 30. Kg2 b3 31. axb3 axb3 32. Qb2 Qb5 33. Rc3 Qa4
34. Rc1 e6 35. Ra1 Qb5 36. Rc1 Ra8 37. Ra1 Rxa1 38. Qxa1 Qe2+ 39. Bf2 b2 0-1

[Event "LLO18/19"]
[Site "Mecklenburg-Vorpommern"]
[Date "2018.11.11"]
[Round "2.1"]
[White "Rickmann, Niklas"]
[Black "Schulz, Daniel"]
[Result "0-1"]
[WhiteElo "1688"]
[BlackElo "1910"]
[PlyCount "60"]
[EventDate "2018.??.??"]
[EventType "team-tourn"]
[EventRounds "9"]
[EventCountry "GER"]
[WhiteTeam "FHSG Stralsund II"]
[BlackTeam "SG Neubrandenburg"]
[WhiteTeamCountry "GER"]
[BlackTeamCountry "GER"]

1. e4 d5 2. exd5 Nf6 3. d6 cxd6 4. Nf3 g6 5. d4 Bg7 6. Bg5 Ne4 7. Be3 Nd7 8.
Bd3 Ndf6 9. Nbd2 d5 10. Ne5 O-O 11. O-O Nd6 12. b3 Nd7 13. f4 f6 14. Nxg6 hxg6
15. Bxg6 f5 16. Rf3 Rf6 17. Rg3 Nf8 18. Bh5 Bd7 19. c4 Be8 20. Bf3 Ne4 21. Nxe4
dxe4 22. Be2 Rg6 23. Rxg6 Bxg6 24. g4 Ne6 25. gxf5 Bxf5 26. Bg4 Nxd4 27. Rc1
Qd7 28. Bxf5 Qxf5 29. Kh1 Rd8 30. Qg1 Ne2 0-1

[Event "LLO18/19"]
[Site "Mecklenburg-Vorpommern"]
[Date "2018.11.11"]
[Round "2.2"]
[White "Stoevesand, Peter"]
[Black "Manke, Karsten"]
[Result "1-0"]
[WhiteElo "1937"]
[BlackElo "1719"]
[PlyCount "59"]
[EventDate "2018.??.??"]
[EventType "team-tourn"]
[EventRounds "9"]
[EventCountry "GER"]
[WhiteTeam "SG Neubrandenburg"]
[BlackTeam "FHSG Stralsund II"]
[WhiteTeamCountry "GER"]
[BlackTeamCountry "GER"]

1. e4 e6 2. d4 d5 3. Nc3 dxe4 4. Nxe4 Nf6 5. Bd3 Nbd7 6. Ng3 Be7 7. Nf3 c5 8.
Be3 a6 9. O-O O-O 10. Ne5 Nd5 11. Nxd7 Bxd7 12. c4 Nf6 13. dxc5 Qc7 14. b4 Rfd8
15. Qc2 g6 16. Rad1 e5 17. Bg5 Be6 18. Bxf6 Bxf6 19. Be4 Rd4 20. Rxd4 exd4 21.
Bd5 Qd7 22. Qe4 Rd8 23. Bxe6 fxe6 24. Qd3 Qa4 25. a3 a5 26. Ne4 Be7 27. Rb1
axb4 28. axb4 Qc6 29. f3 e5 30. Ra1 1-0

[Event "LLO18/19"]
[Site "Mecklenburg-Vorpommern"]
[Date "2018.11.11"]
[Round "2.3"]
[White "Jabbusch, Burkhard"]
[Black "Stoevesand, Eric"]
[Result "0-1"]
[WhiteElo "1631"]
[BlackElo "1975"]
[PlyCount "74"]
[EventDate "2018.??.??"]
[EventType "team-tourn"]
[EventRounds "9"]
[EventCountry "GER"]
[WhiteTeam "FHSG Stralsund II"]
[BlackTeam "SG Neubrandenburg"]
[WhiteTeamCountry "GER"]
[BlackTeamCountry "GER"]

1. f4 d5 2. e3 c5 3. Nf3 Nc6 4. d4 e6 5. Be2 b6 6. O-O Nge7 7. c3 g6 8. Bd3 Bg7
9. Qe2 O-O 10. Ne5 Bb7 11. g4 f6 12. Nxc6 Nxc6 13. Nd2 e5 14. dxe5 fxe5 15. e4
exf4 16. exd5 Ne5 17. c4 Qh4 18. Nf3 Qxg4+ 19. Kh1 Rae8 20. Nxe5 Qxe2 21. Bxe2
Rxe5 22. Bf3 g5 23. h3 Bc8 24. Kg2 Bf5 25. Rd1 Rfe8 26. Bh5 R8e7 27. Bf3 Re8
28. a4 a5 29. Ra3 Be4 30. Rb3 Bc2 31. Rxb6 Bxd1 32. Bxd1 Re1 33. Bh5 f3+ 34.
Kxf3 Rf8+ 35. Kg2 Rxc1 36. Rb5 Rc2+ 37. Kg3 Be5+ 0-1

[Event "LLO18/19"]
[Site "Mecklenburg-Vorpommern"]
[Date "2018.11.11"]
[Round "2.4"]
[White "Rossmann, Andreas"]
[Black "Jenschke, Tim"]
[Result "1-0"]
[WhiteElo "1920"]
[BlackElo "1529"]
[PlyCount "91"]
[EventDate "2018.??.??"]
[EventType "team-tourn"]
[EventRounds "9"]
[EventCountry "GER"]
[WhiteTeam "SG Neubrandenburg"]
[BlackTeam "FHSG Stralsund II"]
[WhiteTeamCountry "GER"]
[BlackTeamCountry "GER"]

1. d4 g6 2. Nf3 Bg7 3. g3 d6 4. Bg2 f5 5. c4 Nf6 6. Nc3 c6 7. O-O O-O 8. b3 h6
9. e3 Be6 10. Bb2 Bf7 11. Qc2 Nbd7 12. Rad1 Qc7 13. Rfe1 e5 14. dxe5 dxe5 15.
Ba3 Rfe8 16. Rd2 e4 17. Bd6 Qc8 18. Nd4 a6 19. Red1 Ne5 20. Na4 Nfd7 21. Bxe5
Rxe5 22. Nxf5 Rxf5 23. Rxd7 Qe8 24. Bxe4 Rf6 25. Nb6 Rb8 26. R7d2 Re6 27. Bg2
Rxe3 28. fxe3 Qxe3+ 29. Kh1 Qxb6 30. c5 Qc7 31. Rd7 Qe5 32. Qf2 Qf6 33. Qd2 Be8
34. Rd8 Rxd8 35. Qxd8 Qxd8 36. Rxd8 Kf7 37. Rb8 Bc3 38. Rxb7+ Ke6 39. Rb6 a5
40. Bxc6 Bxc6+ 41. Rxc6+ Kd5 42. Rxg6 Kxc5 43. Rxh6 Kb4 44. Rh4+ Ka3 45. Ra4+
Kb2 46. h4 1-0

[Event "LLO18/19"]
[Site "Mecklenburg-Vorpommern"]
[Date "2018.11.11"]
[Round "2.5"]
[White "Vlach, Michael"]
[Black "Baier, Karsten"]
[Result "0-1"]
[WhiteElo "1595"]
[BlackElo "1875"]
[PlyCount "58"]
[EventDate "2018.??.??"]
[EventType "team-tourn"]
[EventRounds "9"]
[EventCountry "GER"]
[WhiteTeam "FHSG Stralsund II"]
[BlackTeam "SG Neubrandenburg"]
[WhiteTeamCountry "GER"]
[BlackTeamCountry "GER"]

1. d4 Nf6 2. c4 g6 3. Nc3 Bg7 4. e4 d6 5. Bg5 Nbd7 6. Nf3 O-O 7. Qd2 c5 8. d5
a6 9. Rd1 Ng4 10. h3 Nge5 11. Be2 Nxf3+ 12. Bxf3 Ne5 13. Be2 f5 14. O-O Qe8 15.
Bh6 Bxh6 16. Qxh6 f4 17. f3 Rf6 18. Qh4 Qf7 19. Rb1 g5 20. Qe1 Qh5 21. Rf2 Rh6
22. Qf1 Qh4 23. Bd1 Qg3 24. Ne2 Qh4 25. Nc3 Bd7 26. a4 Rf8 27. b4 b6 28. bxc5
dxc5 29. Be2 Qg3 0-1

[Event "LLO18/19"]
[Site "Mecklenburg-Vorpommern"]
[Date "2018.11.11"]
[Round "2.6"]
[White "Lichte, Martin"]
[Black "Klinger, Clemens"]
[Result "1-0"]
[WhiteElo "1870"]
[BlackElo "1583"]
[PlyCount "78"]
[EventDate "2018.??.??"]
[EventType "team-tourn"]
[EventRounds "9"]
[EventCountry "GER"]
[WhiteTeam "SG Neubrandenburg"]
[BlackTeam "FHSG Stralsund II"]
[WhiteTeamCountry "GER"]
[BlackTeamCountry "GER"]

1. Nf3 d5 2. g3 Nc6 3. Bg2 e5 4. d3 Nf6 5. O-O Be7 6. c4 Be6 7. cxd5 Nxd5 8.
Bd2 O-O 9. Nc3 h6 10. a3 Qd7 11. b4 a6 12. Rc1 Nf6 13. Na4 b6 14. Rxc6 Qxc6 15.
Nxe5 Qb5 16. Bxa8 Rxa8 17. Nf3 Rd8 18. Nc3 Qh5 19. Bf4 Bd6 20. Qc1 Bg4 21. Bxd6
Rxd6 22. Ne4 Nxe4 23. dxe4 Bxf3 24. exf3 Qxf3 25. Qxc7 Qd3 26. Qc8+ Rd8 27. Qc6
Qd6 28. Rc1 Qxc6 29. Rxc6 Rb8 30. Kf1 Kf8 31. Ke2 Ke8 32. Rc7 b5 33. Ke3 Rd8
34. Rc6 Ra8 35. Rc7 Rd8 36. e5 Rd7 37. Rxd7 Kxd7 38. Kd4 Kc6 39. f4 g6 1-0

[Event "LLO18/19"]
[Site "Mecklenburg-Vorpommern"]
[Date "2018.11.11"]
[Round "2.7"]
[White "Boettner, Oliver"]
[Black "Kunow, Frank"]
[Result "0-1"]
[WhiteElo "1504"]
[BlackElo "1891"]
[PlyCount "104"]
[EventDate "2018.??.??"]
[EventType "team-tourn"]
[EventRounds "9"]
[EventCountry "GER"]
[WhiteTeam "FHSG Stralsund II"]
[BlackTeam "SG Neubrandenburg"]
[WhiteTeamCountry "GER"]
[BlackTeamCountry "GER"]

1. e4 g6 2. d4 Bg7 3. c4 d6 4. Nc3 e5 5. d5 Nd7 6. Nf3 Ne7 7. Bd3 Nc5 8. Bc2 a5
9. Be3 b6 10. h3 f5 11. exf5 Bxf5 12. Nd2 Bxc2 13. Qxc2 Nf5 14. Bxc5 bxc5 15.
Qa4+ Qd7 16. Qxd7+ Kxd7 17. O-O Nd4 18. f4 Bh6 19. fxe5 Bxd2 20. Rf7+ Kd8 21.
e6 Bxc3 22. bxc3 Ne2+ 23. Kh2 Nxc3 24. Raf1 Re8 25. Rd7+ Kc8 26. Rff7 Ra7 27.
Rxd6 cxd6 28. Rxa7 Kb8 29. Rxa5 Ne4 30. Ra3 Kb7 31. Rf3 Kb6 32. Ra3 Re7 33. g4
Nd2 34. Ra4 Ne4 35. Ra8 Nf6 36. Rf8 Ne4 37. Rf7 Re8 38. Rf4 Nd2 39. Kg3 g5 40.
Rf5 Ka5 41. h4 gxh4+ 42. Kxh4 Nxc4 43. Rf3 Ne5 44. Rf2 c4 45. Kg5 c3 46. Rc2
Kb4 47. Kf6 Kc4 48. Kg7 Kd3 49. Rg2 c2 50. Rxc2 Kxc2 51. a4 Kb3 52. Kxh7 Kc4
0-1

[Event "LLO18/19"]
[Site "Mecklenburg-Vorpommern"]
[Date "2018.11.11"]
[Round "2.8"]
[White "Witkowski, Rainer"]
[Black "Lange, Anton"]
[Result "1-0"]
[WhiteElo "1819"]
[BlackElo "1396"]
[PlyCount "103"]
[EventDate "2018.??.??"]
[EventType "team-tourn"]
[EventRounds "9"]
[EventCountry "GER"]
[WhiteTeam "SG Neubrandenburg"]
[BlackTeam "FHSG Stralsund II"]
[WhiteTeamCountry "GER"]
[BlackTeamCountry "GER"]

1. e4 e5 2. Bc4 Nc6 3. Nf3 Be7 4. O-O Nf6 5. Re1 O-O 6. c3 d6 7. h3 Be6 8. Bxe6
fxe6 9. d4 exd4 10. cxd4 d5 11. Nc3 Bb4 12. Ng5 Qd7 13. e5 Ne8 14. Be3 g6 15.
Rc1 Ng7 16. Re2 Nf5 17. Rec2 Be7 18. Nf3 Nb4 19. Rd2 Nxe3 20. fxe3 c6 21. Qe1
Rf7 22. Qg3 Raf8 23. Qg4 Rf5 24. a3 Na6 25. Ne2 Qe8 26. Nh4 Bxh4 27. Qxh4 Nc7
28. Rdc2 Qf7 29. Qe1 Rf2 30. Rc3 Ne8 31. Rb3 Ng7 32. Nf4 Rxf4 33. exf4 Qxf4 34.
Qe3 Qf7 35. Qd2 Nh5 36. Rf3 Qe8 37. Rcf1 Rxf3 38. Rxf3 Ng7 39. g4 Qe7 40. b4
Ne8 41. Qc1 a6 42. Qc5 Qxc5 43. bxc5 Nc7 44. a4 a5 45. Rb3 Na6 46. Rxb7 Nb4 47.
Ra7 Nc2 48. Rxa5 Nxd4 49. Ra8+ Kf7 50. a5 Nb3 51. a6 Ke7 52. a7 1-0

[Event "LLO18/19"]
[Site "Mecklenburg-Vorpommern"]
[Date "2018.11.11"]
[Round "2.1"]
[White "Wiese, Frank"]
[Black "Ertel, Wolfhard"]
[Result "1-0"]
[WhiteElo "1899"]
[BlackElo "1820"]
[PlyCount "71"]
[EventDate "2018.??.??"]
[EventType "team-tourn"]
[EventRounds "9"]
[EventCountry "GER"]
[WhiteTeam "Waterkant Saal"]
[BlackTeam "Seehotel Binz"]
[WhiteTeamCountry "GER"]
[BlackTeamCountry "GER"]

1. d4 Nf6 2. c4 g6 3. Nc3 d5 4. Nf3 Bg7 5. Qb3 dxc4 6. Qxc4 O-O 7. e4 Nbd7 8.
Bf4 c6 9. Be2 Nb6 10. Qb3 Be6 11. Qc2 Rc8 12. b3 Nh5 13. Be3 Nf6 14. h3 Ne8 15.
O-O Nd6 16. a4 h6 17. Qd2 Kh7 18. Rab1 Nd7 19. Bd3 f5 20. e5 Ne8 21. g4 Nb6 22.
Nh4 Qd7 23. Ne2 Nd5 24. Ng3 a5 25. gxf5 gxf5 26. Nh5 Rg8 27. Kh2 Nb4 28. Be2
Bf8 29. Nf4 Nc7 30. Bh5 Ncd5 31. Bg6+ Kh8 32. Nxe6 Qxe6 33. Bxf5 Qf7 34. Bxc8
Qh5 35. Nf5 Qf3 36. Rg1 1-0

[Event "LLO18/19"]
[Site "Mecklenburg-Vorpommern"]
[Date "2018.11.11"]
[Round "2.2"]
[White "Alder, Bodo"]
[Black "Onasch, Gunnar"]
[Result "1/2-1/2"]
[WhiteElo "1793"]
[BlackElo "1802"]
[PlyCount "69"]
[EventDate "2018.??.??"]
[EventType "team-tourn"]
[EventRounds "9"]
[EventCountry "GER"]
[WhiteTeam "Seehotel Binz"]
[BlackTeam "Waterkant Saal"]
[WhiteTeamCountry "GER"]
[BlackTeamCountry "GER"]

1. Nf3 d5 2. b3 c5 3. e3 Nf6 4. Bb2 Nc6 5. Be2 g6 6. d3 Bg7 7. Nbd2 O-O 8. a3
Qc7 9. c4 Rd8 10. O-O b6 11. cxd5 Nxd5 12. Bxg7 Kxg7 13. Qc2 e5 14. Rfd1 f6 15.
Rab1 Bb7 16. b4 cxb4 17. axb4 Rac8 18. Rdc1 Qe7 19. b5 Nd4 20. exd4 Rxc2 21.
Rxc2 exd4 22. Bf1 Nc3 23. Re1 Qd7 24. Nxd4 Qxd4 25. Re7+ Kf8 26. Rxb7 Nxb5 27.
Nf3 Qd6 28. h3 g5 29. Rxh7 Kg8 30. Rb7 Rb8 31. Rxb8+ Qxb8 32. d4 Nd6 33. d5 b5
34. Nd4 Kf7 35. Rc6 1/2-1/2